APRENDIZAJE Y MEMORIA HUMANA ASPECTOS BASICOS Y EVOLUTIVOS (Record no. 2389)

MARC details
000 -LEADER
campo de control de longitud fija 00768nam a22001697a 4500
001 - NÚMERO DE CONTROL
campo de control 9219
005 - FECHA Y HORA DE LA ÚLTIMA TRANSACCIÓN
campo de control 20250602012221.0
008 - DATOS DE LONGITUD FIJA--INFORMACIÓN GENERAL
campo de control de longitud fija 5230201993 sp a
020 ## - NÚMERO INTERNACIONAL ESTÁNDAR DEL LIBRO
Número Internacional Estándar del Libro 84-481-0097-2
082 ## - NÚMERO DE LA CLASIFICACIÓN DECIMAL DEWEY
Número de clasificación 153.1
Número de ítem Ap68a
245 ## - MENCIÓN DEL TÍTULO
Título APRENDIZAJE Y MEMORIA HUMANA ASPECTOS BASICOS Y EVOLUTIVOS
Mención de responsabilidad, etc. Coordinador José I. Navarro Guzmán.
260 ## - PUBLICACIÓN, DISTRIBUCIÓN, ETC.
Lugar de publicación, distribución, etc. Madrid :
Nombre del editor, distribuidor, etc. MCGRAW HILL INTERAMERICANA
300 ## - DESCRIPCIÓN FÍSICA
Extensión xv, 776 p. :
Otros detalles físicos il. / 23.5 cm.
505 ## - NOTA DE CONTENIDO CON FORMATO
Nota de contenido con formato Parte 1 : Heuristica ...... 1 Parte 2 : Psicobiología de la memoria y el aprendizaje ..... 47 Parte 3 : Psicología de la memoria ...... 109 Parte 4 : Psicología del aprendizaje ...... 405
650 ## - PUNTO DE ACCESO ADICIONAL DE MATERIA--TÉRMINO DE MATERIA
Término de materia o nombre geográfico como elemento de entrada 1 PSICOLOGIA DEL APRENDIZAGE 2 ASOCIACION DE IDEAS 3 APRENDIZAJE 4 MEMORIA
700 ## - ENTRADA AGREGADA--NOMBRE PERSONAL
Nombre de persona I NAVARRO GUZMAN JOSE I COORD
Holdings
Estatus retirado Estado de pérdida Estado de daño No para préstamo Colección Biblioteca de origen Biblioteca actual Fecha de adquisición Total de préstamos Signatura topográfica completa Código de barras Visto por última vez Copia número Precio de reemplazo Tipo de ítem Koha
        Acervo general de Libros Biblioteca Central Mons. Favio M. Rivas S. Biblioteca Central Mons. Favio M. Rivas S. 04/02/2015   153.1 000000003314 23/05/2025 1 23/05/2025 Libros